Khảo luận về thời đại Xuân Thu chiến quốc
Gardado en:
| Autor Principal: | |
|---|---|
| Formato: | Libro |
| Idioma: | Undetermined |
| Publicado: |
Thành phố Hồ Chí Minh
Trẻ
1999
|
| Những chủ đề: | |
| Các nhãn: |
Engadir etiqueta
Sen Etiquetas, Sexa o primeiro en etiquetar este rexistro!
|
| Thư viện lưu trữ: | Trung tâm Học liệu Trường Đại học Cần Thơ |
|---|
| LEADER | 00608nam a2200205Ia 4500 | ||
|---|---|---|---|
| 001 | CTU_92213 | ||
| 008 | 210402s9999 xx 000 0 und d | ||
| 020 | |c 100000 | ||
| 082 | |a 895.13081 | ||
| 082 | |b Ph300 | ||
| 100 | |a Ngô, Nguyên Phi | ||
| 245 | 0 | |a Khảo luận về thời đại Xuân Thu chiến quốc | |
| 245 | 0 | |c Ngô Nguyên Phi | |
| 260 | |a Thành phố Hồ Chí Minh | ||
| 260 | |b Trẻ | ||
| 260 | |c 1999 | ||
| 650 | |a Historical fiction,chinese | ||
| 650 | |x History and criticism | ||
| 904 | |i Trúc | ||
| 980 | |a Trung tâm Học liệu Trường Đại học Cần Thơ | ||